| 000 | 00612cam a22001691 4500 | ||
|---|---|---|---|
| 082 |
_a621.388 _bUND _cL-11, P-71 |
||
| 100 | 1 |
_aHilliard, Robert L., _941777 |
|
| 245 | 1 | 0 |
_aUnderstanding television; _ban introduction to broadcasting. _cEdited by Robert L. Hilliard. |
| 260 |
_aNew York, _bHastings House _c[1964] |
||
| 300 |
_a254 p. _billus., plans, port. _c25 cm. |
||
| 490 | 1 | _aA Communication arts book | |
| 500 | _aPublished in 1978 under title: Television broadcasting. | ||
| 526 |
_a0 _b0 _c0 _d621_388000000000000_UND |
||
| 650 | 0 |
_aMCE _9379 |
|
| 650 | 0 |
_aTelevision broadcasting. _931322 |
|
| 942 |
_2ddc _cBK |
||
| 999 |
_c545819 _d545819 |
||